000 01315nam a2200313 c 4500
999 _c48076
_d48076
003 BLK
005 20220510153316.0
008 180408b bul|||||r ||||||| ||bul||
010 _aKNG00051892000
020 _a954-442-
040 _aBLK
041 _aBUL
_cBUL
080 _aИспанска литература
_b821.134.2
_x-31
_z821.134.2-31
100 1 _aВаскес Монталбан, Мануел
_eпърви автор
_9281848
139 _aВаскес Монталбан, Мануел
_bВ 27
245 1 0 _aЮжни морета
_bРоман
_cМануел Васкес Монталбан; прев. от исп. Христина Костова; предг. от Нина Велева.
257 _aSPA
260 _bХристо Г. Данов
_c1982
_fСофия : Д. Благоев
_aПловдив
300 _a232 с.
_c20 см
380 _aX
500 _aОриг. загл. Los mares del sur. - 45 500 тир.
700 1 _aКостова, Христина
_eпрев. от исп.
_9281849
700 1 _aВелева, Нина
_eпредг. от
_9281850
852 _aЦб 117951
_bЦб
856 4 _qpdf
856 4 _qpdf
942 _cKNG
_n0
_s1
944 _aCR
_c01.09.2016
_kРадостина_Карадакова
944 _aED
_c01.09.2016
_kРадостина_Карадакова
944 _aED
_c2022-05-10
_kВП
999 _d48076